000 00488nam a2200157Ia 4500
003 GCL
005 20240530110154.0
008 140319s9999 xx 000 0 ara d
040 _aGCL /
_cGCL
082 0 4 _a347.08
_bم و
100 0 _aمعوض عبدالتواب
245 1 0 _aالوسيط فى احكام النقض الجنائية /
_cمعوض عبدالتواب
260 _a[S.N] :
_bمنشاة المعارف الاسلامية ،
_c1985
300 _a1309 ص
942 _2ddc
_cBK
999 _c59172
_d59172